000 00357nam a2200157Ia 4500
003 Ost
005 20260225132558.0
008 260225s9999||||xx |||||||||||||| ||und||
040 _cfsic
041 _afre
082 _a301.2
100 _aMustapha Chérif
_eAuteur
245 0 _ala communauté médiane /
245 0 _cMustapha Chérif
942 _cكتاب
999 _c34606
_d34606